| 000 | 01214nmc a2200445 a 4500 | ||
|---|---|---|---|
| 003 | AR-BaBNM | ||
| 005 | 20251128204758.0 | ||
| 008 | 215119s1994 ||||||||||||||000 | spa|| | ||
| 020 | _a968-16-3505-1 | ||
| 040 | _cAR-BaBNM | ||
| 100 | 1 | _aFuentes, Carlos | |
| 245 | 1 | 0 |
_aValiente mundo nuevo _bépica, utopía y mito en la novela hispanoamericana |
| 250 | _a1ª ed. | ||
| 260 |
_aMéxico, D.F. _bFondo de Cultura Económica _c1994 |
||
| 300 | _a303 p. | ||
| 490 | 0 | _aTierra firme | |
| 600 | 1 | 4 | _aBajtin, Mijail |
| 600 | 1 | 4 | _aBorges, Jorge Luis |
| 600 | 1 | 4 | _aAzuela, Mariano |
| 600 | 1 | 4 | _aCortázar, Julio |
| 600 | 1 | 4 | _aGarcía Márquez, Gabriel |
| 600 | 1 | 4 | _aRulfo, Juan |
| 600 | 1 | 4 | _aLezama Lima, José |
| 600 | 1 | 4 | _aCarpentier, Alejo |
| 600 | 1 | 4 | _aGallegos, Rómulo |
| 600 | 1 | 4 | _aDíaz del Castillo, Bernal |
| 650 | 4 | _aLITERATURA LATINOAMERICANA | |
| 650 | 4 | _aFILOSOFIA CULTURAL | |
| 650 | 4 | _aESTUDIOS CULTURALES | |
| 650 | 4 | _aENSAYO | |
| 650 | 4 | _aAUTORES | |
| 650 | 4 | _aCRITICA LITERARIA | |
| 650 | 4 | _aSIGLO VEINTE | |
| 650 | 4 | _aLITERATURA CONTEMPORANEA | |
| 650 | 4 | _aUTOPIA | |
| 653 | _aINFLUENCIA CLASICA | ||
| 655 | _aLITERATURA | ||
| 942 | _cBK | ||
| 998 | _cMARTIN | ||
| 999 |
_c8785 _d8785 |
||